LEADER 00947cam0-2200301---450 001 990005816350403321 005 20260402131310.0 010 $a88-7284-043-0 035 $a000581635 035 $aFED01000581635 035 $a(Aleph)000581635FED01 100 $a19990604d1992----km-y0itay50------ba 101 0 $aita 102 $aIT 105 $aa-------001yy 200 1 $a<>lingua nascosta$esulle orme degli ultimi quadarari calabresi$esaggio sul linguaggio dei quadarari di Dipignano (Cosenza), detto ammascante$fJohn Trumper 210 $aSoveria Mannelli$cRubbettino$d1992 215 $a186 p.$cill.$d24 cm 610 0 $aDialetto calabrese$aGergo dei calderai 676 $a457.78 700 1$aTrumper,$bJohn$0198277 801 0$aIT$bUNINA$gRICA$2UNIMARC 901 $aBK 912 $a990005816350403321 952 $a457.8032 TRUM 02$bDip.f.m.7177$fFLFBC 959 $aFLFBC 996 $aLingua nascosta$9567836 997 $aUNINA